Working together for peace and justice in the 21st century : summary of proceedings /

Bibliographic Details
Corporate Authors: Bureau of Justice Assistance National Partnership Meeting Washington, D.C., United States. Bureau of Justice Assistance
Format: Government Document Conference Proceeding Book
Language:English
Published: Washington, DC : The Bureau, [1999]
Series:Monograph (United States. Bureau of Justice Assistance)
Subjects:

MARC

Tag First Indicator Second Indicator Subfields
LEADER 00000cam a2200000 a 4500
001 in00000005506
005 20150929093939.0
008 990913s1999 dcu f100 0 eng d
035 |a (OCoLC)42357985 
035 |9 AJK5323AM 
037 |a NCJ 177623  |b BJA 
040 |a DGPO  |c DGPO  |d DLC  |d MvI  |d UtOrBLW 
043 |a n-us--- 
049 |a UDOC 
074 |a 0717-N-01 
086 0 |a J 26.30:P 25 
111 2 |a Bureau of Justice Assistance National Partnership Meeting  |d (1999 :  |c Washington, D.C.) 
245 1 0 |a Working together for peace and justice in the 21st century : summary of proceedings /  |c Bureau of Justice Assistance. 
246 1 |i At head of title and spine title:  |a 1999 Bureau of Justice Assistance National Partnership Meeting 
264 1 |a Washington, DC :  |b The Bureau,  |c [1999] 
300 |a vii, 288 pages ;  |c 28 cm. 
336 |a text  |b txt  |2 rdacontent 
337 |a unmediated  |b n  |2 rdamedia 
338 |a volume  |b nc  |2 rdacarrier 
490 1 |a Monograph 
500 |a "April 6-8, 1999, Washington, D.C."--Cover. 
500 |a Shipping list number: 99-0345-P. 
500 |a "July 1999." 
650 0 |a Community policing  |z United States  |v Congresses. 
650 0 |a Neighborhood justice centers  |z United States  |v Congresses. 
650 0 |a Crime prevention  |z United States  |x Citizen participation  |v Congresses. 
710 1 |a United States.  |b Bureau of Justice Assistance. 
830 0 |a Monograph (United States. Bureau of Justice Assistance) 
999 |a MARS 
999 f f |s 80c96b3d-0b35-3eb9-a6bb-150490bb6aac  |i 99b83824-6232-3f3a-abe7-79a8c6082d66  |t 0 
952 f f |p normal  |a Texas A&M University  |b College Station  |c Sterling C. Evans Library  |d Evans: US Documents (Annex 5th floor)  |t 0  |e J 26.30:P 25  |h Superintendent of Documents classification  |i unmediated -- volume  |m A14824331365 
998 f f |a J 26.30:P 25  |t 0  |l Evans: US Documents (Annex 5th floor)